Statistics for "L" Synonyms

Click here to take the quiz!

General Stats

  • This quiz has been taken 85 times
  • The average score is 14 of 20

Answer Stats

WordL Synonyms% Correct
BoyLad
99%
HugeLarge
96%
TinyLittle
96%
WomanLady
95%
FinalLast
91%
JumpLeap
84%
TardyLate
82%
GirlLass
80%
BathroomLoo
80%
DeadlyLethal
76%
ReadableLegible
71%
HateLoath
64%
AlcoholLiquor
61%
FaithfulLoyal
57%
SlackLoose / Limp
53%
GrasshopperLocust
49%
RationalLogical
43%
HermitLoner
39%
PantryLarder
36%
FuriousLivid
32%

Score Distribution

Percentile by Number Answered

Percent of People with Each Score

Your Score History

You have not taken this quiz